000 00690nam a2200217 i 4500
001 83827
003 ES-MaACL
005 20230906174912.0
007 t|
008 041118s1978 sp ||||1| spa d
100 1 _aJaeger, Werner.
_965896
245 1 3 _aLa teología de los primeros filósofos griegos /
_cWerner Jaeger ; [traducción de José Gaos].
250 _a[1ª ed., 1ª reimp.].
260 _aMadrid :
_bFondo de Cultura Económica,
_c[1978]
300 _a266 p. ;
_c21 cm.
490 1 _aSección de obras de filosofía
700 1 _aGaos, José.
_953902
830 0 _aSección de obras de filosofía
_9178631
852 _aES-MaACL
_jA-8446
_bR.97465
999 _c83827
_d83827